LEADER 02447nam2 2200505 450 001 000040382 005 20150212113224.0 010 $a2-251-00370-3 100 $a20150212d1989----km-y0itaa50------ba 101 2 $agrc$afre 102 $aFR 200 1 $aComment écouter ; Les moyens de distinguer le flatteur d'avec l'ami ; Comment s'apercevoir qu'on progresse dans la vertu ; Comment tirer profit de ses ennemis ; De la pluralité d'amis ; De la fortune ; De la vertu et du vice$fPlutarque$gtexte établi et traduit par Robert Klaerr, André Philippon, Jean Sirinelli 210 $aParis$c<> belles lettres$d1989 215 $a358 p.$d20 cm 225 2 $aCollection des universités de France 300 $aTraduzione francese con testo greco a fronte 410 0$12001$aCollection des universités de France 461 1$1001000038828$12001$aOeuvres morales$vvol. 1.2 500 11$aMoralia. De recta ratione audiendi / Plutarchus$921123 500 11$aMoralia. Quomodo adulator ab amico internoscatur / Plutarchus$921124 500 11$aMoralia. Quomodo quis suos in virtute sentiat profectus / Plutarchus$921125 500 11$aMoralia. De capienda ex inimicis utilitate / Plutarchus$921120 500 11$aMoralia. De amicorum multitudine / Plutarchus$921112 500 11$aMoralia. De fortuna / Plutarchus$921113 500 11$aMoralia. De virtute et vitio / Plutarchus$921114 512 1 $aTraités 3-9 676 $a888.01$v(22. ed.)$9Miscellanea greca classica. Origini-499 ca 700 0$aPlutarchus$f$0158213 702 1$aKlaerr,$bRobert 702 1$aPhilippon,$bAndré 702 1$aSirinelli,$bJean 801 0$aIT$bUniversitŕ della Basilicata - B.I.A.$gREICAT$2unimarc 912 $a000040382 996 $aMoralia. De fortuna$921113 996 $aMoralia. De amicorum multitudine$921112 996 $aMoralia. Quomodo quis suos in virtute sentiat profectus$921125 996 $aMoralia. De recta ratione audiendi$921123 996 $aMoralia. De virtute et vitio$921114 996 $aMoralia. Quomodo adulator ab amico internoscatur$921124 996 $aMoralia. De capienda ex inimicis utilitate$921120 997 $aUNIBAS CAT $aEXT013$b01$c20150212$lBAS01$h1034 CAT $aEXT013$b01$c20150212$lBAS01$h1132 FMT Z30 -1$lBAS01$LBAS01$mBOOK$1BASA1$APolo Storico-Umanistico$2GEN$BCollezione generale$3Class/566$679789$5L79789$820150212$f02$FPrestabile Generale LEADER 06938nam 22006855 450 001 9910438052103321 005 20251230065636.0 010 $a9789400768789 010 $a9400768788 024 7 $a10.1007/978-94-007-6878-9 035 $a(OCoLC)847519068 035 $a(MiFhGG)GVRL6XCH 035 $a(CKB)2670000000372410 035 $a(MiAaPQ)EBC1317136 035 $a(MiFhGG)9789400768789 035 $a(DE-He213)978-94-007-6878-9 035 $a(EXLCZ)992670000000372410 100 $a20130527d2013 u| 0 101 0 $aeng 135 $aurun|---uuuua 181 $ctxt 182 $cc 183 $acr 200 10$aMulti-Scale Modeling and Characterization of Infrastructure Materials $eProceedings of the International RILEM Symposium Stockholm, June 2013 /$fedited by Niki Kringos, Björn Birgisson, David Frost, Linbing Wang 205 $a1st ed. 2013. 210 1$aDordrecht :$cSpringer Netherlands :$cImprint: Springer,$d2013. 215 $a1 online resource (x, 434 pages) $cillustrations (some color) 225 1 $aRILEM Bookseries,$x2211-0852 ;$v8 300 $aIncludes index. 311 08$a9789400793545 311 08$a9400793545 311 08$a9789400768772 311 08$a940076877X 320 $aIncludes bibliographical references and index. 327 $aPreface -- Fracture toughness testing aspects for assessing low temperature behaviour of bituminous binders -- Evaluating the representative volume element of asphalt concrete mixture beams for testing in the bending beam rheometer -- Linear elastic properties prediction of cementitious composites with aggregate size distributions taken into account -- Multi-scale characterization of bituminous mastics -- Integrating physicochemical and geochemical aspects for development of a multi-scale modelling framework to performance assessment of cementitious materials -- Investigation on mechanical properties of bituminous materials through 2D/3D finite element numerical simulations -- Challenges while performing AFM on Bitumen -- A preliminary numerical study on ITZ in cementitious composites -- Improvement of the test method for determining moisture damage resistance -- Mode II Cracking Failure in Asphalt Concrete by Using A Non-conserved Phase Field Model -- Asphalt Internal Structure Characterization with X-Ray computed Tomography and Digital Image Processing -- Evaluation of Anti-clogging Property of Porous Asphalt Concrete using Microscopic Voids Analysis -- Representative Volumes for Numerical Modeling of Mass Transport in Hydrating Cement Paste -- Exploring the observed rheological behaviour of in-situ aged and fresh bitumen employing the colloidal model proposed for bitumen -- Effect of film thickness of aspahlt mixture in compression test -- Insulating Pavements to Extend Service Life -- Prediction of linear viscoelastic behaviour of asphalt mixes from binder properties and reversal -- A 3D/2D comparion between heterogeneous mesoscale models of concrete -- Meso-scale Analysis Considering Effect of Fiber Inclination in Fiber Reinforced Cementitious Composites -- Development of an Adherence Energy Test via Force-Displacement Atomic Force Microscopy (FD-AFM) -- Multi-scale framework to optimize ageing resistance of asphaltic materials -- Effects of nano-sized additives on the high-temperature properties of bituminous binders: a comparative study -- Differential Scanning Calorimetry applied to bitumen: Results of the RILEM NBM TG1 Round Robin test -- Review of Multiscale Characterization Techniques and Multiscale Modeling methods for Stone-based Materials: from Atomistic to Continuum -- Effects of various modifiers on rheological property of asphalt -- Coupled creep and damage model for concrete at moderate temperatures -- Mitigating Resolution Problems in Numerical Modeling of Effective Transport Properties of Porous Materials -- A 3d image correlation algorithm for tracking movement of aggregates in x-ray ct images of asphalt mixtures captured during compaction -- Research into Applications of Acrylic Fibres in Porous Asphalt: Laboratory, Numerical and Field Study -- Finite element modeling of rejuvenator diffusion in RAP binder film ? simulation of plant mixing process -- Micromechanical Simulation of Asphalt Concrete Permanent Deformation. 330 $aThe micro- and nano-modification of infrastructure materials and the associated multi-scale characterization and simulation has the potential to open up whole new uses and classes of materials, with wide-ranging implications for society. The use of multi-scale characterization and simulation brings the ability to target changes at the very small scale that predictably effect the bulk behavior of the material and thus allowing for the optimization of material behavior and performance.   The International RILEM Symposium on Multi-Scale Modeling and Characterization of Infrastructure Materials (Stockholm, June 10-12, 2013) brought together key researchers from around the world to present their findings and ongoing research in this field in a focused environment with extended discussion times. From asphalt to concrete, from chemistry to mechanics, from nano- to macro-scale: the collection of topics covered by the Symposium represents the width and depth of the currently ongoing efforts of developing more sustainable infrastructure materials.   Researchers, practitioners, undergraduates and graduate students engaged in infrastructure materials or multi-scale characterization and modeling efforts can use this book as a comprehensive reference, to learn about the currently ongoing research efforts in this field or as an inspiration for new research ideas to enhance the long-term performance of infrastructure materials from a fundamental perspective.     The Symposium was held under the auspices of the RILEM Technical Committee on Nanotechnology-Based Bituminous Materials 231-NBM and the Transport Research Board (TRB) Technical Committee on Characteristics of Asphalt Materials AFK20.  . 410 0$aRILEM Bookseries,$x2211-0852 ;$v8 606 $aBuilding materials 606 $aMaterials$xAnalysis 606 $aMechanics, Applied 606 $aBuilding Materials 606 $aCharacterization and Analytical Technique 606 $aEngineering Mechanics 615 0$aBuilding materials. 615 0$aMaterials$xAnalysis. 615 0$aMechanics, Applied. 615 14$aBuilding Materials. 615 24$aCharacterization and Analytical Technique. 615 24$aEngineering Mechanics. 676 $a620.112 701 $aKringos$b Niki$01754769 701 $aBirgisson$b Bjorn$01754770 701 $aFrost$b David$0457607 801 0$bMiAaPQ 801 1$bMiAaPQ 801 2$bMiAaPQ 906 $aBOOK 912 $a9910438052103321 996 $aMulti-scale modeling and characterization of infrastructure materials$94191270 997 $aUNINA LEADER 00949nam 2200265 450 001 996704359903316 005 20260130093922.0 100 $a20260130d1971----km y0itay5003 ba 101 0 $aita 102 $aIT 105 $ay 00 y 200 1 $a<> deliberazione parziale delle sentenze straniere di accertamento della filiazione e di condanna agli alimenti$fAndrea Giardina 210 $aRoma$cSocieta editrice del Foro italiano$d1971 215 $a28 p.$d21 cm 300 $aEstratto da: Il foro italiano, vol. 94, fasc. 10 606 0 $aObblighi alimentari$xDiritto$2BNCF 676 $a346.2401663 700 1$aGIARDINA,$bAndrea$0298020 801 0$aIT$bcba$gREICAT 912 $a996704359903316 951 $aXVI.7.Misc. 1896$b1927 FBUO$cXVI.7.Misc. 959 $aBK 969 $aFBUO 996 $aDeliberazione parziale delle sentenze straniere di accertamento della filiazione e di condanna agli alimenti$94535032 997 $aUNISA